Réflexions sur l'annonce du diagnostic précoce de surdité (notice n° 1641908)

détails MARC
000 -LEADER
fixed length control field 01409cam a2200193 4500500
005 - DATE AND TIME OF LATEST TRANSACTION
control field 20260201121412.0
041 ## - LANGUAGE CODE
Language code of text/sound track or separate title fre
042 ## - AUTHENTICATION CODE
Authentication code dc
100 10 - MAIN ENTRY--PERSONAL NAME
Personal name Soriano, Véronique
Relator term author
245 00 - TITLE STATEMENT
Title Réflexions sur l'annonce du diagnostic précoce de surdité
260 ## - PUBLICATION, DISTRIBUTION, ETC.
Date of publication, distribution, etc. 2011.<br/>
500 ## - GENERAL NOTE
General note 26
520 ## - SUMMARY, ETC.
Summary, etc. RésuméL’annonce du diagnostic précoce de surdité, comme toute annonce de diagnostic, n’est pas sans conséquences sur la famille mais également sur les professionnels. Elle est chargée d’un potentiel traumatique dont les effets peuvent être immédiats mais aussi différés, voire à plusieurs répliques. Elle se définit plus comme un processus que comme un acte unique ou une information délivrée, et ce d’autant qu’elle intervient à un moment sensible de la vie des sujets concernés et dans des conditions spécifiques. Les professionnels ne peuvent être qu’alertés de ces effets et des mécanismes de défense à l’œuvre pour lutter contre le pouvoir de déliaison de cette annonce, qui peut entraver le processus de subjectivation et donc l’accession du sujet au langage ( lsf, orale) et à la culture.
690 ## - LOCAL SUBJECT ADDED ENTRY--TOPICAL TERM (OCLC, RLIN)
Topical term or geographic name as entry element annonce de diagnostic précoce
690 ## - LOCAL SUBJECT ADDED ENTRY--TOPICAL TERM (OCLC, RLIN)
Topical term or geographic name as entry element effets
690 ## - LOCAL SUBJECT ADDED ENTRY--TOPICAL TERM (OCLC, RLIN)
Topical term or geographic name as entry element surdité
786 0# - DATA SOURCE ENTRY
Note Empan | 83 | 3 | 2011-10-01 | p. 79-85 | 1152-3336
856 41 - ELECTRONIC LOCATION AND ACCESS
Uniform Resource Identifier <a href="https://shs.cairn.info/revue-empan-2011-3-page-79?lang=fr&redirect-ssocas=7080">https://shs.cairn.info/revue-empan-2011-3-page-79?lang=fr&redirect-ssocas=7080</a>

Pas d'exemplaire disponible.

PLUDOC

PLUDOC est la plateforme unique et centralisée de gestion des bibliothèques physiques et numériques de Guinée administré par le CEDUST. Elle est la plus grande base de données de ressources documentaires pour les Étudiants, Enseignants chercheurs et Chercheurs de Guinée.

Adresse

627 919 101/664 919 101

25 boulevard du commerce
Kaloum, Conakry, Guinée

Réseaux sociaux

Powered by Netsen Group @ 2025